Geboren in Zwickau - Statistiken

Allgemein
  • Dieses Quiz wurde 48 mal gespielt
  • Das Durchschnittsergebnis liegt bei 3 aus 8
Antwortstatistiken
Hinweis Antwort % Korrekt
Komponist der Romantik, Ehemann von Clara 1810 Robert Schumann
88%
Fußballtrainer (Köln, Leverkusen, Stuttgart und Frankfurt), ein Drogenskandal verhinderte seine Ernennung zum deutschen Bundestrainer 1953 Christoph Daum
59%
Schauspieler, bekannt für seine Rolle als Auric Goldfinger im Bond-Film "Goldfinger" 1913 Gert Fröbe
39%
langjähriger Fußballtorwart der DDR-Nationalmannschaft, er spielte nur für Zwickau 1946 Jürgen Croy
27%
Maler und zeitweise Mitglied der Künstlervereinigung "Brücke" 1881 Max Pechstein
27%
ehemaliger Diskuswerfer und Olympiasieger 1967 Lars Riedel
10%
Co-Trainer der deutschen Fußballnationalmannschaft 1989 Danny Röhl
5%
CDU-Politiker und von 1993 bis 1994 Ministerpräsident von Sachsen-Anhalt 1948 Christoph Bergner
0%
Keine übereinstimmenden Quizze gefunden
Verteilung der Resultate
Anzahl Personen mit jedem Resultat
Perzentil nach korrekt beantworteten Fragen
Ihre Resultats-Entwicklung
Sie haben dieses Quiz noch nicht gespielt